First motorcycles : The illustrated history of the motorcycle

Spremljeno u:
Bibliografski detalji
Format: Knjiga
Jezik:Undetermined
Teme:
Oznake: Dodaj oznaku
Bez oznaka, Budi prvi tko označuje ovaj zapis!
Thư viện lưu trữ: Trung tâm Học liệu Trường Đại học Cần Thơ
LEADER 00377nam a2200133Ia 4500
001 CTU_104829
008 210402s9999 xx 000 0 und d
082 |a 629.2 
082 |b F527No.1 
245 0 |a First motorcycles : 
245 4 |b The illustrated history of the motorcycle 
650 |a Motorcycles 
904 |i M.Loan 
980 |a Trung tâm Học liệu Trường Đại học Cần Thơ